ห้องสมุดวิทยาลัยพยาบาลบรมราชชนนี ตรัง
Boromarajonani College Of Nursing,Trang Library
เปลี่ยนเป็นภาษาไทย

Change to English
 แสดงรายละเอียดบรรณานุกรม
  กลับหน้าหลัก

Brief Record : Get Marc (ISO 2709) : E-mail record : QR code ปิดหน้าต่าง
หนังสือใหม่ : เกี่ยวกับ Collections
LEADER 00000nam 2200000uu 4500
001    13399123904
003     BCNT
008    260701s||||||||th 000 0 tha d
020    9786165931885
040    BCNT
050  4 WY159 ณ259ก 2568
060  4 WY159 ณ259ก 2568
100 0  ^aณัชนันท์ ชีวานนท์.
245 1   ^aการพยาบาลทารกแรกเกิดน้ำหนักน้อย/ณัชนันท์ ชีวานนท์.
246 3   ^aNursing care of low birth weight infants.
250    ^aพิมพ์ครั้งที่ 3.
260    ^aชลบุรี :^bคณะพยาบาลศาสตร์ มหาวิทยาลัยบูรพา, ^c2568.
300    ^aก-ช, 227 หน้า :^bภาพประกอบ ;^c25 ซม.
610    ^aพยาบาลศาสตร์.
650    ^aทารกแรกเกิด^xการพยาบาล
653    aคณะพยาบาลศาสตร์^aสาขาวิชาพยาบาลศาสตร์.
655  4 ^aHealth Sciences Branch.
658    ^aคณะพยาบาลศาสตร์.
695    ^aHealth Sciences.
710 2  ^aมหาวิทยาลัยบูรพา.^bคณะพยาบาลศาสตร์
999    ^aparamin
รายการนี้ยังไม่มีแท็ก
คุณยังไม่ได้ล็อกอิน คุณสามารถมีกิจกรรมร่วมกับเว็บไซต์ได้ แต่ต้องล็อกอินก่อน ::
  ล็อกอิน
ลำดับที่ ประเภท เลขเรียก สถานที่ สถานะ
1. หนังสือ
หนังสือ
WY159 ณ259ก 2568 c.1 
  
ห้องสมุดสาขาหลัก
►ระบบ NLM
On Shelf
2. หนังสือ
หนังสือ
WY159 ณ259ก 2568 c.2 
  
ห้องสมุดสาขาหลัก
►ระบบ NLM
On Shelf
3. หนังสือ
หนังสือ
WY159 ณ259ก 2568 c.3 
  
ห้องสมุดสาขาหลัก
►ระบบ NLM
On Shelf
   [แสดง 3/3 รายการ]

BibComment


ยังไม่เคยถูกคอมเมนท์

คอมเมนท์ทรัพยากรรายการนี้
  คอมเมนท์: การพยาบาลทารกแร..
Bib 13399123904

 
 
 

 Union Library Management : ULibM
Copyright 2026. All Rights Reserved.